000 01307nam a22002777a 4500
999 _c63050
_d63050
003 Ge_BSU
005 20250523172606.0
008 250523s2024 ge ||||| |||| 00| 0 geo d
020 _a9789994054923
041 _ageo
080 _a2(100) ს-60
100 _aსმიტი, ჰ.
_925114
245 _aმსოფლიო რელიგიები /
_cჰიუსტონ სმიტი; ინგ. თარგმნა ნ. ბარძიმიშვილმა; რედ. თ. თითმერია; გარეკანის დიზაინი ნ. ეკიზაშვილი.
250 _aპირველი გამოცემა
264 _aთბილისი:
_bარეტე,
_c2024.
300 _a458 გვ.;
_b24 სმ.
653 _aრელიგიები
653 _aინდუიზმი
653 _aბუდიზმი
653 _aქრისტიანობა
653 _aისლამი
700 _a ბარძიმიშვილი, ნ.
_eმთარგმნელი
_925115
700 _aთითმერია, თ.
_eრედაქტორი
_925116
700 _aეკიზაშვილი, ნ.
_eგარეკანის დიზაინი
_925117
942 _2udc
_cᲬᲘᲒᲜᲘ